000 00432nam a2200157Ia 4500
003 GCL
008 140319s9999 xx 000 0 eng d
040 _aGCL /
_cGCL
082 0 4 _aK
_b916.2'160454
_bF B
100 1 _aFREEMAN GRENVILLE
245 1 0 _aThe Beauty of Cairo /
_cFREEMAN GRENVILLE
260 _a[S.N] :
_bEAST- WEST PUBLICATIONS ،
_c1981
300 _a127
650 0 4 _aCAIRO - DESCRIPTION AND TRAVEL
942 _2ddc
_cBK
999 _c17316
_d17316